000 007230000a22002410004500
090 _aMM
_b00197
245 1 0 _aGuía ambiental subsector hidroeléctrico
300 _bCD-ROM
440 0 _aBiblioteca ambiental digital, 22
_9101020
650 1 4 _aHidroeléctricas
_915747
650 1 4 _aGeneración de energía eléctrica
_9101018
650 1 4 _aNormas ambientales
_94152
650 1 4 _aGestión ambiental
_992206
650 1 4 _aGuías ambientales
_920406
651 4 _pColombia
_992749
041 0 _aEspañol
044 _aColombia
110 1 _lColombia
_aMinisterio del Medio Ambiente
_997884
260 _aBogotá
_bSENA
_c2002
260 _bMinambiente
260 _bIntegral Ingenieros Consultores
942 _cCD-ROM
999 _c16573
_d16573